Anaytical Verbs for English Exam - Statistics

General Stats
  • This quiz has been taken 23 times
    19 since last reset
  • The average score is 22 of 69
Answer Stats
Answer % Correct
Accentuates
63%
Appeals
63%
Approves of
63%
articulates
63%
Provokes
63%
Advocates
50%
affirms
50%
asserts
50%
Challenges
50%
conveys
50%
creates
50%
decieves
50%
Demonstrates
50%
depict
50%
disapproves of
50%
patronizes
50%
promotes
50%
Suggests
50%
supports
50%
Validates
50%
Condemns
38%
Considers
38%
Contests
38%
Criticizes
38%
Critiques
38%
highlights
38%
Inspires
38%
poses
38%
reveals
38%
Rhetorically
38%
Scrutinises
38%
subverts
38%
upholds
38%
denotes
25%
denounces
25%
eclipsing
25%
Emphasises
25%
englightens
25%
Evokes
25%
Explores
25%
express
25%
extols
25%
formally
25%
generates
25%
gives rise
25%
heightens
25%
illustrates
25%
Inclusively
25%
informally
25%
Negatively
25%
portrays
25%
Positions
25%
Postively
25%
Reinforces
25%
Contemplates
13%
divulges
13%
elevates
13%
encompassing
13%
enhances
13%
establish
13%
Examines
13%
Exclusively
13%
exposes
13%
Investigates
13%
publicises
13%
encourages
0%
exacerbates
0%
explicates
0%
exudes
0%
No matching quizzes found
Score Distribution
Percent of People with Each Score
Percentile by Number Answered
Your Score History
You have not taken this quiz since the last reset